Classement des lettres de l'alphabet - Statistiques

Statistiques générales
  • Ce quiz a été pris 74 fois
  • Le résultat moyen est 18 sur 26
Statistiques - réponses
Lettre Classement % Correct
1 E
100%
2 X
83%
3 S
74%
8 F
71%
4 T
71%
17 A
70%
26 c
70%
9 D
70%
7 L
70%
10 O
70%
12 P
70%
5 R
70%
11 V
70%
6 Y
70%
19 Z
70%
23 B
68%
13 G
68%
21 H
68%
22 I
68%
14 J
68%
20 K
68%
18 M
68%
16 N
68%
24 Q
68%
15 U
68%
25 W
68%
Aucun quiz correspondant
Distribution des résultats
% des personnes avec chaque résultat
Percentile par nombre de réponses
Votre historique - résultats
Vous n’avez pas pris ce quiz